000 00309nam a2200121Ia 4500
008 240624s9999 xx 000 0 und d
041 _aeng
082 _a332.024 EDE
100 _aEDELMAN RIC
245 _aTRUTH ABOUT YOUR FUTURE THE MONEY GUIDE
260 _c2017
_aNew York
_bSimon & Schuster
365 _cRS
999 _c30257
_d30257